LIBRARY & INFORMATION CENTRE, KCAET, TAVANUR

ONLINE PUBLIC ACCESS CATALOGUE (OPAC)

Calculation Dsign and Testing of Reinforced Concrete / (Record no. 1901)

MARC details
000 -LEADER
fixed length control field 00387cam a2200145ua 4500
003 - CONTROL NUMBER IDENTIFIER
control field OSt
008 - FIXED-LENGTH DATA ELEMENTS--GENERAL INFORMATION
fixed length control field 250707b |||||||| |||| 00| 0 eng d
082 ## - DEWEY DECIMAL CLASSIFICATION NUMBER
Classification number 624.18341
Item number RAO/CA
100 ## - MAIN ENTRY--AUTHOR NAME
Personal name Rao, K. L .
245 ## - TITLE STATEMENT
Title Calculation Dsign and Testing of Reinforced Concrete /
250 ## - EDITION STATEMENT
Edition statement 4 /
260 ## - PUBLICATION, DISTRIBUTION, ETC. (IMPRINT)
Place of publication New Delhi :
Name of publisher Charotar Book Stall ,
Year of publication 1965.
300 ## - PHYSICAL DESCRIPTION
Number of Pages 592 ; .
942 ## - ADDED ENTRY ELEMENTS (KOHA)
Koha item type Books
Holdings
Withdrawn status Lost status Damaged status Home library Current library Date acquired Full call number Accession Number Koha item type
      KAUAET KAUAET 07/04/2012 624.18341 RAO/CA 11327 Books
free website counter